AC Milan players since 2000 - Statistics

General Stats
  • This quiz has been taken 285 times
    245 since last reset
  • The average score is 114 of 270
Answer Stats
Ranking Player Positions Nationality Matches Goals Assists Periods % Correct
3 Andrea Pirlo MF 285 32 51 2001-2011
97%
8 Kaká MF, FW 223 77 55 2003-2008, 2013-2014
97%
9 Paolo Maldini DF 216 7 4 2000-2009
97%
28 Zlatan Ibrahimović FW 125 76 26 2010-2011, 2019-2023
97%
17 Andriy Shevchenko FW 193 103 24 2000-2005, 2008-2009
96%
165 Daniel Maldini MF, FW 15 1 0 2019-2022
95%
12 Dida GK 206 0 0 2000-2001, 2002-2010
95%
7 Alessandro Nesta DF 224 7 4 2002-2012
94%
2 Clarence Seedorf MF 299 46 36 2002-2012
94%
14 Rafael Leão MF, FW 198 55 42 2019-2025
94%
196 Ibrahim Ba MF 8 0 1 2000-2003
93%
1 Gennaro Gattuso MF 314 8 17 2000-2012
92%
10 Gianluigi Donnarumma GK 215 0 0 2015-2021
91%
30 Mike Maignan GK 120 0 3 2021-2025
90%
25 Fikayo Tomori DF 129 6 2 2020-2025
89%
24 Hakan Çalhanoğlu MF, FW 135 22 30 2017-2021
88%
16 Theo Hernández DF 195 31 23 2019-2025
88%
13 Filippo Inzaghi FW 201 72 18 2001-2012
87%
31 Cafú DF 119 4 12 2003-2008
85%
70 Christian Pulisic DF, MF, FW 70 23 17 2023-2025
83%
19 Franck Kessié DF, MF 174 35 8 2017-2022
83%
23 Ismaël Bennacer MF 137 7 7 2019-2025
83%
57 Keisuke Honda MF, FW 81 9 9 2013-2017
82%
42 Olivier Giroud FW 97 39 16 2021-2024
81%
62 Ronaldinho MF, FW 76 20 21 2008-2011
81%
29 Rui Costa MF 122 4 22 2001-2006
81%
48 Simon Kjær DF 91 0 3 2019-2024
81%
47 Brahim Díaz MF, FW 91 13 13 2020-2023
78%
27 Suso MF, FW 126 21 28 2014-2020
78%
32 Alexandre Pato MF, FW 117 51 12 2007-2013
77%
34 Alexis Saelemaekers DF, MF, FW 112 6 10 2019-2022, 2024-2025
77%
4 Massimo Ambrosini MF 271 26 17 2000-2013
77%
11 Davide Calabria DF 210 9 16 2014-2025
76%
40 Ante Rebić MF, FW 100 27 11 2019-2023
75%
6 Christian Abbiati GK 234 0 0 2000-2004, 2008-2016
74%
18 Kakha Kaladze DF, MF 192 12 15 2000-2010
72%
38 Robinho MF, FW 108 25 20 2010-2014
72%
149 Ronaldo FW 20 9 3 2006-2008
71%
125 David Beckham MF 29 2 6 2008-2010
70%
5 Ignazio Abate DF, MF 243 3 14 2009-2019
70%
74 Mario Balotelli FW 63 27 7 2012-2013, 2015-2016
70%
46 Thiago Silva DF 93 5 1 2009-2012
70%
136 André Silva FW 25 2 1 2017-2018, 2019-2020
69%
69 Carlos Bacca FW 70 31 5 2015-2017
69%
112 Krzysztof Piątek FW 36 13 0 2018-2020
69%
67 Ricardo Rodríguez DF, MF 74 1 3 2017-2020
69%
246 Flavio Roma GK 1 0 0 2010-2011
68%
73 Malick Thiaw DF 63 0 1 2022-2025
68%
44 Sandro Tonali MF 95 7 9 2020-2023
68%
53 Kevin-Prince Boateng MF, FW 85 11 8 2010-2012, 2015-2016
67%
54 Pierre Kalulu DF 84 3 3 2020-2024
67%
68 Tijjani Reijnders MF 73 13 7 2023-2025
67%
15 Alessio Romagnoli DF 197 8 2 2015-2022
66%
35 Cristián Zapata DF 111 3 2 2012-2019
66%
26 Riccardo Montolivo MF 129 8 8 2012-2018
66%
128 Hernán Crespo FW 28 11 2 2004-2005
65%
39 Rade Krunić MF, FW 101 1 5 2019-2024
65%
89 Ruben Loftus-Cheek DF, MF, FW 48 6 1 2023-2025
65%
97 Jaap Stam DF 42 1 0 2004-2006
63%
114 Leonardo Bonucci DF 35 2 1 2017-2018
63%
50 Philippe Mexès DF 86 6 1 2011-2016
63%
222 Samuele Dalla Bona MF 4 0 1 2002-2003
63%
129 Tammy Abraham FW 28 3 4 2024-2025
63%
36 Alessandro Costacurta DF 110 1 1 2000-2007
62%
159 Álvaro Morata FW 16 5 0 2024-2025
62%
187 Fernando Torres FW 10 1 0 2014-2015
62%
188 Mario Mandžukić MF, FW 10 0 0 2020-2021
62%
21 Giacomo Bonaventura MF, FW 155 30 23 2014-2020
61%
61 Nigel de Jong MF 79 6 3 2012-2016
61%
52 Gianluca Zambrotta DF 85 2 0 2008-2012
60%
105 Luka Jović MF, FW 38 8 1 2023-2025
59%
102 Mark van Bommel MF 39 0 0 2010-2012
59%
59 Matteo Gabbia DF 81 4 1 2019-2025
59%
79 Yunus Musah MF, FW 59 0 4 2023-2025
59%
33 Marek Jankulovski DF, MF 117 4 11 2005-2011
57%
200 Sergiño Dest DF, FW 8 0 0 2022-2023
57%
71 Sulley Muntari MF 70 11 3 2011-2015
57%
111 Diego López GK 36 0 0 2014-2016
56%
51 Samu Castillejo MF, FW 86 7 5 2018-2022
56%
45 Alberto Gilardino FW 94 36 10 2005-2008
55%
55 Stephan El Shaarawy DF, MF, FW 83 21 10 2011-2015
55%
77 Alessandro Florenzi DF, FW 62 3 4 2021-2025
54%
95 Jérémy Ménez MF, FW 43 18 4 2014-2016
54%
197 Maxi López FW 8 1 1 2011-2012
54%
87 Samuel Chukwueze MF, FW 50 4 5 2023-2025
54%
118 Charles De Ketelaere MF, FW 32 0 1 2022-2023
53%
148 Michael Essien DF, MF 20 0 0 2013-2015
53%
175 Santiago Giménez FW 14 5 2 2024-2025
53%
116 Antonio Cassano FW 33 7 15 2010-2012
52%
143 Ciprian Tătărușanu GK 23 0 1 2020-2023
52%
80 Lucas Biglia MF 58 2 1 2017-2020
52%
213 Pepe Reina GK 5 0 0 2018-2020
52%
145 Rivaldo MF, FW 22 5 6 2002-2003
51%
20 Serginho DF, MF 159 17 23 2000-2008
51%
66 Jon Dahl Tomasson MF, FW 74 22 7 2002-2005
50%
75 Mateo Musacchio DF 63 1 1 2017-2021
50%
72 M'Baye Niang MF, FW 67 8 8 2012-2017
50%
120 Nikola Kalinić FW 31 6 3 2017-2018
50%
141 Strahinja Pavlović DF 24 2 1 2024-2025
50%
195 Christian Vieri FW 8 1 1 2005-2006
49%
168 João Félix MF, FW 15 2 0 2024-2025
49%
137 Klaas-Jan Huntelaar FW 25 7 0 2009-2010
49%
152 Jens Petter Hauge MF, FW 18 2 0 2020-2021
48%
43 Mathieu Flamini MF 96 7 2 2008-2013
48%
49 Andrea Poli MF 90 3 3 2013-2017
47%
56 Dario Šimić DF 81 1 0 2002-2008
47%
131 Emerson MF 27 0 0 2007-2009
47%
154 Emerson DF, MF 17 0 0 2024-2025
47%
167 Gonzalo Higuaín MF, FW 15 6 1 2018-2019
47%
215 Jan-Carlo Simic DF 4 1 0 2023-2024
47%
78 Juraj Kucka MF, FW 59 4 4 2015-2017
47%
106 Mario Yepes DF 38 1 0 2010-2013
47%
91 Alex DF 46 4 1 2014-2016
46%
238 Catilina Aubameyang MF 1 0 0 2002-2003
46%
22 Daniele Bonera DF 152 0 1 2006-2015
46%
85 Junior Messias DF, MF, FW 51 10 4 2021-2023
46%
185 Kyle Walker DF, MF 11 0 0 2024-2025
46%
88 Manuel Locatelli MF 48 2 0 2015-2018
46%
37 Mattia De Sciglio DF, MF 110 0 5 2011-2017
46%
63 Urby Emanuelson DF, MF, FW 75 3 10 2010-2014
46%
115 Youssouf Fofana MF 35 1 6 2024-2025
46%
138 Diego Laxalt DF, MF 24 0 0 2018-2020
45%
109 Lucas Paquetá MF, FW 37 1 2 2018-2020
45%
81 Massimo Oddo DF 56 2 2 2006-2007, 2009-2011
45%
176 Sebastiano Rossi GK 14 0 0 2000-2001
45%
130 Divock Origi MF, FW 27 2 1 2022-2023
44%
103 Noah Okafor MF, FW 39 7 2 2023-2025
44%
90 Tiemoué Bakayoko MF 48 1 1 2018-2019, 2021-2023
44%
135 Alejandro Jiménez DF, FW 25 0 1 2023-2025
43%
64 Antonio Nocerino MF 74 12 1 2011-2013, 2015-2016
43%
117 Luiz Adriano MF, FW 33 4 0 2015-2017
43%
133 Oliver Bierhoff FW 27 6 5 2000-2001
43%
76 Patrick Cutrone FW 63 13 3 2016-2019
43%
172 Adel Taarabt MF, FW 14 4 1 2013-2014
42%
100 Adil Rami DF 39 4 2 2013-2015
41%
147 Fodé Ballo-Touré DF, MF 20 1 0 2021-2023
41%
65 Giampaolo Pazzini FW 74 21 4 2012-2015
41%
132 Gianluca Lapadula FW 27 8 3 2016-2017
40%
83 Marco Borriello FW 53 16 2 2002-2003, 2006-2007, 2008-2011
40%
146 Diogo Dalot DF, FW 21 1 1 2020-2021
39%
193 Marco Sportiello GK 9 0 0 2023-2025
39%
58 Luca Antonini DF, MF 81 1 2 2008-2013
38%
107 Zeljko Kalac GK 38 0 0 2005-2009
38%
158 Alessandro Matri FW 16 1 0 2002-2003, 2013-2014
37%
99 Andrea Conti DF, MF 41 0 4 2017-2022
37%
230 Asmir Begović GK 2 0 0 2019-2020
37%
82 Luca Antonelli DF, MF 54 4 2 2006-2007, 2014-2018
37%
126 Marco Amelia GK 29 0 0 2010-2014
37%
140 Mario Pašalić MF, FW 24 5 1 2016-2017
37%
258 Mattia Caldara DF 1 0 0 2023-2024
36%
84 Fabio Borini DF, MF, FW 51 4 5 2017-2020
35%
180 Matías Fernández MF 13 1 2 2016-2017
35%
155 Gerard Deulofeu MF, FW 17 4 3 2016-2017
34%
166 Fernando Redondo MF 15 0 2 2002-2004
33%
153 José Sosa MF 18 0 3 2016-2017
33%
92 Kévin Constant DF, MF 45 0 1 2012-2014
33%
122 Yacine Adli MF, FW 30 1 2 2022-2024
33%
203 Bakaye Traoré MF 7 0 0 2012-2013
32%
231 Chaka Traorè DF, FW 2 1 0 2023-2024
32%
186 Davide Bartesaghi DF, MF 10 0 0 2023-2025
32%
93 Gabriel Paletta DF 44 2 1 2014-2015, 2016-2017
32%
151 Gustavo Gómez DF 18 0 0 2016-2017
32%
127 Marco Storari GK 29 0 0 2006-2007, 2009-2010
32%
86 Thomas Helveg DF 51 0 1 2000-2003
32%
121 Tommaso Pobega MF 30 2 0 2022-2024
32%
163 Zvonimir Boban MF 16 1 3 2000-2001
32%
123 Alessio Cerci MF, FW 29 1 4 2014-2016
31%
190 Aster Vranckx MF 9 0 0 2022-2023
31%
142 Alberto Aquilani MF 23 1 5 2011-2012
30%
202 Alexander Merkel MF 7 0 0 2010-2012
30%
170 Mattia Destro MF, FW 15 3 0 2014-2015
30%
96 Andrea Bertolacci MF 42 2 1 2015-2017
29%
226 Antonio Mirante GK 3 0 0 2022-2024
29%
150 Bojan Krkić MF, FW 19 3 2 2012-2013
29%
41 Cristian Brocchi MF 98 4 6 2001-2004, 2006-2008
29%
110 Demetrio Albertini MF, FW 36 0 4 2000-2002
29%
181 Francesco Camarda MF, FW 12 0 0 2023-2025
29%
94 Roque Júnior DF 44 0 0 2000-2003
29%
113 Yoann Gourcuff MF 36 2 3 2006-2008
29%
207 Francesco Acerbi DF 6 0 0 2012-2013
28%
60 Giuseppe Favalli DF 80 2 1 2006-2010
28%
156 Marco van Ginkel MF, FW 17 1 1 2014-2015
28%
174 Philippe Senderos DF 14 0 0 2008-2009
28%
208 Pietro Pellegri MF, FW 6 0 0 2021-2022
28%
171 Valter Birsa MF, FW 15 2 0 2013-2014
28%
98 Martin Laursen DF 42 2 0 2001-2004
27%
221 Matteo Darmian DF, MF 4 0 0 2006-2007, 2008-2009
27%
214 Sokratis Papastathopoulos DF 5 0 0 2010-2011
27%
223 Taye Taiwo DF 4 0 0 2011-2012
27%
124 Cosmin Contra DF, MF 29 3 6 2001-2002
26%
191 Djamel Mesbah DF, MF 9 0 0 2011-2013
26%
101 Giuseppe Pancaro DF 39 2 3 2003-2005
26%
134 Ricardo Oliveira FW 26 3 1 2006-2007
26%
160 Filippo Terracciano DF, MF 16 0 0 2023-2025
25%
204 Gabriel GK 7 0 0 2013-2014
24%
104 José Chamot DF 38 0 0 2000-2003
24%
108 José Mari FW 37 4 6 2000-2002
24%
210 Rodney Strasser MF 6 1 0 2008-2012
24%
184 José Mauri MF 11 0 0 2015-2016, 2017-2019
23%
198 Pablo Armero DF, MF 8 0 1 2014-2015
23%
119 Francesco Coco DF 31 2 2 2000-2002
22%
205 Léo Duarte DF 7 0 0 2019-2021
22%
201 Alberto Paloschi FW 7 2 0 2007-2008
21%
164 Cristian Zaccardo DF 15 1 1 2012-2015
21%
173 Johann Vogel MF 14 0 0 2005-2006
21%
256 Marko Lazetić MF, FW 1 0 0 2022-2023
21%
178 Gianni Comandini FW 13 2 1 2000-2001
20%
227 Bryan Cristante DF, MF 3 1 1 2013-2014
19%
169 Leonel Vangioni DF, MF 15 0 0 2016-2017
19%
211 Lorenzo Colombo MF, FW 5 0 0 2019-2021
19%
182 Lucas Ocampos MF, FW 12 0 1 2016-2017
19%
206 Mancini MF, FW 7 0 1 2009-2010
19%
219 Márcio Amoroso FW 4 1 0 2005-2006
19%
212 Pablo García DF, MF 5 0 0 2000-2001
19%
162 Soualiho Meïté DF, MF 16 0 0 2020-2021
19%
270 Valerio Fiori GK 1 0 0 2002-2003
19%
243 Digão DF 1 0 0 2007-2008
17%
244 Fabricio Coloccini DF, MF 1 0 0 2004-2005
17%
161 Javi Moreno FW 16 2 1 2001-2002
17%
179 Luigi Sala DF 13 1 1 2000-2001
17%
255 Marco Pellegrino DF 1 0 0 2023-2024
17%
209 Riccardo Sottil DF, MF, FW 6 0 0 2024-2025
17%
183 Vikash Dhorasoo MF 12 0 0 2004-2005
17%
177 Andrés Guglielminpietro MF 13 1 0 2000-2001
16%
189 Ümit Davala DF, MF 10 0 0 2001-2002
16%
224 Warren Bondo MF 4 0 0 2024-2025
16%
242 Dídac Vilà DF, MF 1 0 0 2010-2011
15%
218 Luka Romero MF, FW 4 0 0 2023-2024
15%
263 Mohamed Sarr DF, MF 1 0 0 2001-2002
15%
229 Rodrigo Ely DF 3 0 0 2015-2016
15%
217 Kevin Zeroli MF 4 0 0 2023-2025
14%
250 Lapo Nava GK 1 0 0 2023-2024
14%
192 Marco Simone MF, FW 9 0 0 2001-2002
14%
260 Mattia Liberali MF 1 0 0 2024-2025
14%
265 Nnamdi Oduamadi MF, FW 1 0 0 2010-2011
14%
194 Salvatore Bocchetti DF 9 0 0 2014-2015
14%
139 Federico Giunti MF 24 1 4 2000-2001
13%
220 Matías Silvestre DF 4 1 0 2013-2014
13%
264 Nicola Legrottaglie DF 1 0 0 2010-2011
12%
269 Tabaré Viúdez MF, FW 1 0 0 2008-2009
12%
233 Vitali Kutuzov FW 2 0 0 2001-2002
12%
225 Andrea Petagna FW 3 0 0 2013-2014
11%
216 Júlio César DF 4 0 0 2000-2001
10%
199 Riccardo Saponara MF, FW 8 0 0 2013-2015
10%
251 Lino Marzorati DF 1 0 0 2004-2005
9%
157 Massimo Donati MF 17 0 0 2001-2002
9%
240 Davide Di Gennaro MF, FW 1 0 0 2006-2007
8%
253 Marco Brescianini MF 1 0 0 2019-2020
8%
228 Leandro Grimi DF 3 0 0 2006-2007
7%
236 Andrea De Vito DF 1 0 0 2009-2010
6%
245 Felipe Mattioni DF 1 0 0 2008-2009
6%
249 Gianmarco Zigoni FW 1 0 0 2009-2010
6%
257 Mathías Cardaccio MF 1 0 0 2008-2009
6%
235 Alex Guerci MF 1 0 0 2006-2007
5%
237 Bob Murphy Omoregbe MF 1 0 0 2024-2025
5%
247 Giacomo Beretta FW 1 0 0 2010-2011
5%
144 Leonardo Araújo DF, MF 23 3 1 2000-2001, 2002-2003
5%
252 Luca Stanga DF 1 0 0 2021-2022
5%
267 Romano Perticone DF 1 0 0 2004-2005
5%
234 Alessandro Mastalli MF 1 0 0 2014-2015
4%
239 Daniele Daino DF 1 0 0 2000-2001
4%
248 Gian Filippo Felicioli DF, MF 1 0 0 2014-2015
4%
254 Marco Donadel MF 1 0 0 2000-2001
4%
259 Mattia Dal Bello MF 1 0 0 2002-2003
4%
261 Michele Piccolo FW 1 0 0 2002-2003
4%
241 Davide Di Molfetta MF, FW 1 0 0 2014-2015
3%
262 Mirko Stefani DF 1 0 0 2002-2003
3%
266 Roberto Bortolotto FW 1 0 0 2002-2003
3%
268 Stefano Pastrello MF 1 0 0 2002-2003
3%
232 Emanuele Torrasi MF 2 0 0 2017-2018
2%
No matching quizzes found
Score Distribution
Percent of People with Each Score
Percentile by Number Answered
Your Score History
You have not taken this quiz since the last reset